000 01230cad a22002175a 4500
001 L155734
008 120412s2013 xxkd f s 000 0 eng d
035 _a(Sirsi) u155734
041 0 _aeng
110 2 _aKnight Frank
_91530
245 0 4 _aThe wealth report 2013
_h[electronic resource]
260 _aLondon
_bThink Publishing
_c2013
520 _aProvides commentary on prime global property markets, wealth distribution and the attitudes of the wealthy towards property and investments. Brings annual update to Knight Frank?s unique Prime International Residential Index (PIRI). Luxury Investment Index tracks the increasing popularity of art, fine wines and other ?investments of passion?. This annual publication includes performance data for 100 key global luxury property markets as well as the results of The Wealth Report Attitudes Survey and Knight Frank?s Global Cities Index.
590 _aKA NTK
651 4 _aInternational
690 _aResidential property
_96266
690 _aCommercial property
_96227
710 2 _aCiti Private Bank
_95312
856 4 8 _uhttps://content.knightfrank.com/research/83/documents/en/2013-1285.pdf
_zView the item free of charge at www.knightfrank.com/wealthreport
942 _n0
999 _c113781
_d113781